[Event "Windsor NAYCC U16-U18 Girls"]
[Site "Windsor"]
[Date "2016.08.11"]
[Round "8.20"]
[White "Luo, Maggie"]
[Black "Nguyen, Emily"]
[Result "0-1"]
[WhiteElo "1672"]
[BlackElo "2067"]
[PlyCount "126"]
[EventDate "2016.08.07"]
[EventType "swiss"]
[EventRounds "9"]
[EventCountry "CAN"]
[SourceTitle "EXT 2022"]
[Source "ChessBase"]
[SourceDate "2021.10.06"]
[SourceVersion "1"]
[SourceVersionDate "2021.10.06"]
[SourceQuality "1"]

1. e4 c5 2. d3 Nc6 3. g3 g6 4. Bg2 Bg7 5. f4 e6 6. Nf3 Nge7 7. 0-0 0-0 8. c3 d5 9. Qe2 Rb8 10. Be3 b6 11. Bf2 Ba6 12. e5 c4 13. d4 b5 14. a3 Bc8 15. Nbd2 a5 16. g4 b4 17. axb4 axb4 18. Rfb1 Bd7 19. h4 Rb5 20. h5 Qc7 21. Nh4 Ra5 22. g5 Rfa8 23. Qd1 Qa7 24. Rxa5 Qxa5 25. Qc1 Nc8 26. Nf1 Nb6 27. Ne3 Be8 28. Ng4 Nd7 29. hxg6 hxg6 30. Nf6+ Kf8 31. Nf3 Nb6 32. Be1 Qb5 33. Bd2 Na5 34. Qe1 Nb3 35. Qh4 Nxd2 36. Nxd2 Ke7 37. Qe1 Bc6 38. Ra1 Na4 39. Qc1 Rb8 40. Ng4 bxc3 41. bxc3 Qb2 42. Rb1 Qxc1+ 43. Rxc1 Rb2 44. Nb1 Bf8 45. Ne3 Kd7 46. Nd1 Ra2 47. Ne3 Be7 48. Nc2 Rb2 49. Bf3 Bd8 50. Ne3 Ba5 51. Bd1 Nb6 52. Bc2 Ba4 53. Bxa4+ Nxa4 54. Nd1 Ra2 55. Ne3 Ra1 56. Nc2 Nxc3 57. Nxa1 Ne2+ 58. Kf2 Nxc1 59. Ke3 Kc6 60. Nc2 Nd3 61. Nba3 Bc3 62. Nb1 Bb2 63. Nd2 Bc1 0-1

[Event "Windsor NAYCC U16-U18 Girls"]
[Site "Windsor"]
[Date "2016.08.08"]
[Round "2.24"]
[White "Luo, Maggie"]
[Black "Tao, Rachel Long Xin"]
[Result "0-1"]
[WhiteElo "1672"]
[BlackElo "1628"]
[PlyCount "104"]
[EventDate "2016.08.07"]
[EventType "swiss"]
[EventRounds "9"]
[EventCountry "CAN"]
[SourceTitle "EXT 2022"]
[Source "ChessBase"]
[SourceDate "2021.10.06"]
[SourceVersion "1"]
[SourceVersionDate "2021.10.06"]
[SourceQuality "1"]

1. e4 c5 2. d3 Nc6 3. g3 Nf6 4. Bg2 e6 5. f4 d6 6. Nf3 Be7 7. 0-0 0-0 8. Qe2 a6 9. Be3 Qc7 10. Bf2 b5 11. Nbd2 Bb7 12. Rfc1 Rfe8 13. h3 d5 14. e5 Nd7 15. d4 c4 16. g4 b4 17. c3 a5 18. b3 Ba6 19. bxc4 dxc4 20. Qe4 Rec8 21. f5 bxc3 22. Rxc3 Bb4 23. Rc2 Bxd2 24. Nxd2 Nb4 25. Rc3 Nd5 26. Rc2 N7b6 27. a3 a4 28. Rac1 Rab8 29. Nb1 Qe7 30. Bf1 Rc7 31. Bg3 Rbc8 32. Qe1 Bb7 33. Bh4 Qd7 34. Bg3 Ne7 35. f6 Ng6 36. Qf2 Be4 37. Re2 Bd3 38. Rd2 Bxf1 39. Kxf1 c3 40. Rdc2 Qb5+ 41. Qe2 Qb3 42. fxg7 Nd5 43. Qf2 Qc4+ 44. Kg1 Qd3 45. Re1 Rc4 46. Rf1 Qxd4 47. Qxd4 Rxd4 48. Rfc1 Rdc4 49. Be1 Nxe5 50. Bxc3 Nd3 51. Rd1 Nxc3 52. Nxc3 Rxc3 0-1

[Event "Windsor NAYCC U16-U18 Girls"]
[Site "Windsor"]
[Date "2016.08.07"]
[Round "1.20"]
[White "Liu, Joanna"]
[Black "Luo, Maggie"]
[Result "1/2-1/2"]
[WhiteElo "1956"]
[BlackElo "1672"]
[PlyCount "99"]
[EventDate "2016.08.07"]
[EventType "swiss"]
[EventRounds "9"]
[EventCountry "CAN"]
[SourceTitle "EXT 2022"]
[Source "ChessBase"]
[SourceDate "2021.10.06"]
[SourceVersion "1"]
[SourceVersionDate "2021.10.06"]
[SourceQuality "1"]

1. d4 d5 2. c4 e6 3. Nc3 Nf6 4. cxd5 exd5 5. Bg5 Be7 6. e3 h6 7. Bh4 0-0 8. Bd3 c6 9. Qc2 Nbd7 10. Nf3 Re8 11. 0-0 Ne4 12. Bxe7 Qxe7 13. Rab1 Ndf6 14. Ne5 Ng4 15. Nxg4 Bxg4 16. b4 a6 17. a4 Nxc3 18. Qxc3 Rec8 19. Qc5 Qg5 20. Kh1 Bf5 21. Bxf5 Qxf5 22. Qb6 Qd7 23. Rfc1 Qc7 24. Qc5 b6 25. Qc3 Qd6 26. h3 Ra7 27. Qd3 Rca8 28. Rb2 Rb7 29. Qc3 Rc8 30. Qd3 Ra8 31. Rbc2 Rc7 32. Qb3 Rb8 33. Rc3 Kf8 34. Qb1 g6 35. Kg1 Kg7 36. Qb2 h5 37. Rb3 Ra8 38. a5 Rb7 39. axb6 Rxb6 40. Rc5 Rb5 41. Qc3 Rxc5 42. bxc5 Qd7 43. Qa5 Qc8 44. Rb6 Ra7 45. Rb4 Kf6 46. Qb6 Ra8 47. Qa5 Ra7 48. Qb6 Ra8 49. Qa5 Ra7 50. Qb6 1/2-1/2